Teatro: arte y comunicación actividades de clase

Guardat en:
Dades bibliogràfiques
Autors principals: Pardo Belgrano, María Ruth (autora), Antraygues de Doublier, Noemi (Autor), Bonilla, María Angélica (Autor), Heguiz, María (Autor), Rebecchi, Silvia (Autor)
Format: Llibre
Idioma:espanyol
Publicat: Buenos Aires Plus Ultra 1981
Matèries:
Etiquetes: Afegir etiqueta
Sense etiquetes, Sigues el primer a etiquetar aquest registre!

MARC

LEADER 00000nam a2200000 a 4500
001 UCW3697
003 CL-VaPUC
008 881215e19810000AG |||||||||||||||||spa|d
082 0 4 |a 372.66  |b PAR  |2 21 
100 |a Pardo Belgrano, María Ruth  |e autora  |9 308098 
700 0 |a Antraygues de Doublier, Noemi  |e author  |9 308031 
700 0 |a Bonilla, María Angélica  |e author  |9 308032 
700 0 |a Heguiz, María  |e author  |9 308033 
700 0 |a Rebecchi, Silvia  |e author  |9 308034 
245 1 0 |a Teatro: arte y comunicación actividades de clase 
300 |a 164 p 
942 |c BK 
945 |d 19881215 00:00:00 
260 |a Buenos Aires  |b Plus Ultra  |c 1981 
650 0 |a Teatro escolar  |9 307647 
583 |a last modification  |c 19881215 00:00:00  |k Rodrigo Vera 
999 |c 217611  |d 217609 
952 |0 0  |1 0  |4 0  |6 372_660000000000000_PAR_1981  |7 0  |8 P  |9 205547  |a BIBEDU  |b BIBEDU  |c BIBEDU_PB  |d 2019-11-15  |i 2735032  |o 372.66 PAR 1981  |p 2735032  |r 2024-01-25  |w 2019-11-15  |y BK  |k EDU 
952 |0 0  |1 0  |4 0  |6 372_660000000000000_PAR_1981  |7 0  |8 P  |9 205548  |a BIBEDU  |b BIBEDU  |c BIBEDU_PB  |d 2019-11-15  |i 2735040  |o 372.66 PAR 1981  |p 2735040  |r 2024-01-25  |w 2019-11-15  |y BK  |k EDU